| Record ID | ia:forevernight00temt |
| Source | Internet Archive |
| Download MARC XML | https://archive.org/download/forevernight00temt/forevernight00temt_marc.xml |
| Download MARC binary | https://www.archive.org/download/forevernight00temt/forevernight00temt_meta.mrc |
LEADER: 00912cam 2200289Ia 4500
001 ocm27910322
003 OCoLC
005 20100331173755.0
008 930413s1993 nyu 000 1 eng d
040 $aOCO$cOCO$dSLC$dBGU$dOCL$dBAKER
020 $a0373098162 (pbk.) :$c$3.39
020 $a9780373098163 (pbk.)
035 $a(OCoLC)27910322
090 $aPS3570.E36$bF67 1993x
100 1 $aTemte, Myrna.
245 14 $aThe forever night /$cMyrna Temte.
260 $aNew York, N.Y. :$bSilhouette Books,$cc1993.
300 $a250 p. ;$c18 cm.
440 0 $aSilhouette special edition ;$v816
440 0 $aThat special woman
650 0 $aSheriffs$vFiction.
650 0 $aWomen teachers$vFiction.
655 7 $aLove stories.$2gsafd
938 $aBaker & Taylor$bBKTY$c3.39$d.00$i0373098162$n0002285861$sactive
029 1 $aAU@$b000010495484
994 $aZ0$bPMR
948 $hNO HOLDINGS IN PMR - 30 OTHER HOLDINGS